Portugal-Quiz - Sudden Death - Statistiken

Allgemein
  • Dieses Quiz wurde 146 mal gespielt
  • Das Durchschnittsergebnis liegt bei 4 aus 10
Answers on the Grid
Answers color-coded by a green-red scale on the quiz's grid according to % correct below.
Dies ist die Flagge Portugals: 🇵🇹
Die Hauptstadt von Portugal ist Lissabon
Portugal ist in der Europäischen Union
Der Flamenco ist ein portugiesischer Tanz
In Portugal leben mehr Männer als Frauen
Das KFZ-Kennzeichen Portugals wird mit "PT" abgekürzt
Portugal hat mehr Einwohner als Griechenland
Portugal konnte bisher nur einen ESC-Sieg erreichen
Madeira ist eine Insel, die zu Portugal gehört
Die Stadt mit den meisten Einwohnern ist Porto
Flächenmäßig ist Portugal größer als Ungarn
Portugal hat noch einen König
Das BIP pro Kopf in Portugal ist niedriger als das von Estland
Portugal grenzt an ein Land mit dieser Flagge: 🇪🇸
Die Währung Portugals ist der Euro
Portugal verfügt über keinen Anteil an der Iberischen Halbinsel
Portugal hat mindestens eine Stadt, die 1 Million Einwohner hat
Portugal hat eine Küstenline am Mittelmeer
Der Fluss Tajo fließt durch Portugal
In Portugal leben die meisten Portugiesisch-Sprecher
 
Antwortstatistiken
Antwort % Korrekt
Dies ist die Flagge Portugals: 🇵🇹
61%
Portugal ist in der Europäischen Union
61%
Die Hauptstadt von Portugal ist Lissabon
57%
Die Währung Portugals ist der Euro
57%
Madeira ist eine Insel, die zu Portugal gehört
56%
Portugal grenzt an ein Land mit dieser Flagge: 🇪🇸
53%
Der Fluss Tajo fließt durch Portugal
35%
Portugal hat mehr Einwohner als Griechenland
18%
Portugal konnte bisher nur einen ESC-Sieg erreichen
12%
Das BIP pro Kopf in Portugal ist niedriger als das von Estland
9%
Keine übereinstimmenden Quizze gefunden
Verteilung der Resultate
Anzahl Personen mit jedem Resultat
Perzentil nach korrekt beantworteten Fragen
Ihre Resultats-Entwicklung
Sie haben dieses Quiz noch nicht gespielt